000 00420nam a22001217a 4500
008 230627b xxu||||| |||| 00| 0 eng d
082 _a333.913
_bGIB
100 _cSir Alexander Gibb and Patners
245 _aUpper Tana Catchment water Resources Survey 1958-9
_bReport by Sir Alexander Gibb and Patners(Africa) Consulting Engineers
260 _aNairobi Kenya
_bKenya Government
_c1959
300 _a161p
942 _2ddc
_cBK
999 _c2900
_d2900